00462nam a22001697a 450000500170000001000110001702000260002803500170005403500130007103700140008408200060009810000220010424500500012626000370017627000580021330000210027120170706115759.0 a1617EN a9789385288418c299.00 aB-650874-882 aB-664690 adpl bBSB aS aSmythe, Frank S.  aThe valley of flowers : cby Frank S. Smythe  aNew Delhi bSpeaking Tigerc2015 a4381/4, Ansari Road, Darya Ganj, bNew Delhi e110002 a261p.c19cm(pbk)